Algorithms for computer-aided design of multivariable control systems
Сохранить в:
| Главные авторы: | , |
|---|---|
| Формат: | |
| Язык: | английский |
| Опубликовано: |
Nueva York
s.n
1993
|
| Серии: | Electrical Engineering-electronics Software
|
| Предметы: | |
| Метки: |
Добавить метку
Нет меток, Требуется 1-ая метка записи!
|
MARC
| LEADER | 00000nam a2200000 a 4500 | ||
|---|---|---|---|
| 001 | UCX7841 | ||
| 003 | CL-VaPUC | ||
| 008 | 940107e19930000US |||||||||||||||||eng|d | ||
| 082 | 0 | 4 | |a 621.381 |b BIN |2 21 |
| 100 | 0 | |a Bingulac, Stanaje |e author |9 324767 | |
| 700 | 0 | |a Vanlandingham, Hugh F |e author |9 324768 | |
| 245 | 1 | 0 | |a Algorithms for computer-aided design of multivariable control systems |
| 300 | |a 393 p | ||
| 942 | |c BK | ||
| 945 | |d 19940107 00:00:00 |a mfernand | ||
| 260 | |a Nueva York |b s.n |c 1993 | ||
| 650 | 0 | |a Teoría del control |9 260349 | |
| 650 | 0 | |a Control automático |9 259890 | |
| 650 | 0 | |a Proceso de datos |9 259776 | |
| 650 | 0 | |a Álgebra lineal |9 260445 | |
| 650 | 7 | |a DISEÑO ASISTIDO |2 CL-VaPUC |9 324769 | |
| 583 | |a last modification |c 20120711 11:26:11 |k Rodrigo Vera | ||
| 490 | 0 | |a Electrical Engineering-electronics Software | |
| 999 | |c 227532 |d 227530 | ||